Sudan : First Review of Performance Under the 2007-08 Staff-Monitored Program.

Sudan's economic prospects are good, but risks remain. The report states that strong actions were taken for Government Finance Statistics Manuals and Guides (GFSM) implementation for monitoring domestic arrears under the Staff-Monitored Program (SMP). The need to maintain macroeconomic stabilit...

Description complète

Détails bibliographiques
Collectivité auteur: International Monetary Fund
Format: Revue
Langue:English
Publié: Washington, D.C. : International Monetary Fund, 2008.
Collection:IMF Staff Country Reports; Country Report ; No. 2008/174
Accès en ligne:Full text available on IMF
LEADER 01753cas a2200241 a 4500
001 AALejournalIMF005133
008 230101c9999 xx r poo 0 0eng d
020 |c 5.00 USD 
020 |z 9781451833805 
022 |a 1934-7685 
040 |a BD-DhAAL  |c BD-DhAAL 
110 2 |a International Monetary Fund. 
245 1 0 |a Sudan :   |b First Review of Performance Under the 2007-08 Staff-Monitored Program. 
264 1 |a Washington, D.C. :  |b International Monetary Fund,  |c 2008. 
300 |a 1 online resource (41 pages) 
490 1 |a IMF Staff Country Reports 
500 |a <strong>Off-Campus Access:</strong> No User ID or Password Required 
500 |a <strong>On-Campus Access:</strong> No User ID or Password Required 
506 |a Electronic access restricted to authorized BRAC University faculty, staff and students 
520 3 |a Sudan's economic prospects are good, but risks remain. The report states that strong actions were taken for Government Finance Statistics Manuals and Guides (GFSM) implementation for monitoring domestic arrears under the Staff-Monitored Program (SMP). The need to maintain macroeconomic stability and implement strong monetary and fiscal policies are found to be essential. Higher oil prices and production have raised revenues. The need to correct past slippages and to reestablish fiscal credibility are found to be essential. Implementing delayed measures on public financial management and financial sector reform is crucial for restoring fiscal credibility and financial soundness. 
538 |a Mode of access: Internet 
830 0 |a IMF Staff Country Reports; Country Report ;  |v No. 2008/174 
856 4 0 |z Full text available on IMF  |u http://elibrary.imf.org/view/journals/002/2008/174/002.2008.issue-174-en.xml  |z IMF e-Library